00413nam a2200145Ia 4500008004100000041000900041082001800050100002100068245002100089260003100110300000800141650000800149999001700157952009300174230718s9999 xx 000 0 und d aEng. a954.91bSAR-P aSarwar, Muhammad 0aPakistan Studies aPakistanbIlmi kitabc2016 a244 aLaw c30960d30960 00104070aSIRC-LbSIRCd2023-07-18l0o954.91 SAR-Pp25911r2023-10-31w2023-07-18yBK